The Philippine National Heroes (Bayani) - Statistics

General Stats
  • This quiz has been taken 2,494 times
  • The average score is 7 of 15
Answer Stats
Hint Answer % Correct
The National Hero. Dr. Jose Rizal
99%
The Great Plebian and Father of the Katipunan. Andres Bonifacio
89%
President of the First Philippine Republic. General Emilio Aguinaldo
85%
Sublime Paralytic and Brains of the Revolution. Apolinario Mabini
74%
Martyred Priests of 1872. GOMBURZA
73%
Chieftain of Mactan Who Killed Magellan. First Filipino Hero. Lapu-Lapu
70%
Hero of the Battle of Tirad Pass. General Gregorio del Pilar
66%
Composer of the Philippine National Anthem. Julian Felipe
50%
Mother of Balintawak. Melchora Aquino (Tandang Sora)
40%
Prince of Tagalog Poets. Francisco Baltazar
28%
Wrote the Spanish Lyrics of the Philippine National Anthem. Jose Palma
26%
Mother of Biak-na-Bato. Trinidad Tecson
14%
The Last Rajah of Manila. Rajah Soliman
11%
Continued the Fight After her Husband's Death Maria Josefa Gabriela Silang
5%
Chief of Tondo, Friendly to the Spaniards. Lakandola
4%
No matching quizzes found
Score Distribution
Percent of People with Each Score
Percentile by Number Answered
Your Score History
You have not taken this quiz